000 00621nam a2200229Ia 4500
003 BUBTL
008 151213s9999 xx 000 0 und d
020 _a0340532831
082 _a421.55/ G4471a/ 1989
100 _aGimson, A. C.
_94836
245 _aAn Introduction to the Pronunciation of English :
_cA. C. Gimson
250 _a4th Edn
260 _aLondon
_bE L B S
_cc1989
300 _a[xix],364p. :
_b21 cm
500 _aIncludes Index
650 _aEnglish
650 _a
700 _aA. C. Gimson
_94837
856 _k0
_l0
_yDownload
942 _2ddc
_cBK
999 _c3317
_d3317